Klienti hľadajú výnosy v dlhopisoch, riziko si nemusia vždy uvedomovať

Pribúda počet ľudí, ktorí sa rozhodli investovať priamo do korportátnych dlhopisov. Odborníci upozorňujú na obozretnosť pri výbere konkrétnych dlhopisov. Investor by mal poznať firmu, ktorej požičiava peniaze, mal byť vedieť, čo robí emitent, na čo chce peniaze použiť a najmä aké ponúka garancie. "D...

ver descrição completa

Na minha lista:
Detalhes bibliográficos
Autor principal: Kláseková, Martina
Outros Autores: Záborský, Ján
Formato: Capítulo de Livro
Idioma:eslovaco
Assuntos:
Tags: Adicionar Tag
Sem tags, seja o primeiro a adicionar uma tag!

MARC

LEADER 00000naa a2200000 4500
001 0237093
005 20171107111305.5
041 0 |a slo 
044 |a SK 
245 1 0 |a Klienti hľadajú výnosy v dlhopisoch, riziko si nemusia vždy uvedomovať  |c Martina Kláseková, Ján Záborský 
520 |a Pribúda počet ľudí, ktorí sa rozhodli investovať priamo do korportátnych dlhopisov. Odborníci upozorňujú na obozretnosť pri výbere konkrétnych dlhopisov. Investor by mal poznať firmu, ktorej požičiava peniaze, mal byť vedieť, čo robí emitent, na čo chce peniaze použiť a najmä aké ponúka garancie. "Desatoro" pre drobných investorov do dlhopisov. 
610 2 0 |a dlhopisy 
610 2 0 |a riziko investičné 
610 2 0 |a investície finančné 
610 2 0 |a papiere cenné 
100 1 |a Kláseková, Martina 
700 1 |a Záborský, Ján